Fr. Conceicao Rodrigues College of Engineering

Next generation wireless LANs (Record no. 27418)

MARC details
000 -LEADER
fixed length control field 00378nam a2200157Ia 4500
082 ## - DEWEY DECIMAL CLASSIFICATION NUMBER
Classification number 621.381
Item number PER
100 ## - MAIN ENTRY--PERSONAL NAME
Personal name Perahia/Eldad/ Stacey/R
245 ## - TITLE STATEMENT
Title Next generation wireless LANs
260 ## - PUBLICATION, DISTRIBUTION, ETC.
Name of publisher, distributor, etc. Cambridge University Press
Date of publication, distribution, etc. 2008
366 ## - TRADE AVAILABILITY INFORMATION
Publishers's discount category 25
300 ## - PHYSICAL DESCRIPTION
Extent 385
546 ## - LANGUAGE NOTE
Language note ENGLISH
-- PAMPHALETS
650 ## - SUBJECT ADDED ENTRY--TOPICAL TERM
Topical term or geographic name entry element Wireless communication
654 ## - SUBJECT ADDED ENTRY--FACETED TOPICAL TERMS
Focus term wireless
942 ## - ADDED ENTRY ELEMENTS (KOHA)
Koha item type BOOK
Holdings
Withdrawn status Lost status Damaged status Not for loan Collection Home library Current library Date acquired Source of acquisition Cost, normal purchase price Inventory number Total Checkouts Full call number Barcode Date last seen Cost, replacement price Price effective from Koha item type
        CRC Fr. Agnel's C.Rodrigues College of Engineering Fr. Agnel's C.Rodrigues College of Engineering 17/03/2023 Allied Publishers 446.25 2294 dt 17/12/2012   621.381 PER 22427 17/03/2023 595.00   BOOK